000 00645nam a2200229Ia 4500
003 OSt
005 20221005133739.0
006 a|||||r|||| 00| 0
007 ta
008 221004b |||||||| |||| 00| 0 pan d
024 _a62864
037 _cTextual
040 _aCRL
_cCRL
_bpan
041 _2pan
_apan
082 _aO153,2NPG,CH, K0
100 _aਗਾਰਗੀ, ਪਰਿਤੋF, ਂਚ.
_9160556
245 0 _aਛਲੇਡਾ
260 _c1960
650 _aਪੰਜਾਬੀ ਸਾਹਿਤ
942 _hO153,2NPG,CH, K0
_cTEXL
_2cc
999 _c1067770
_d1067770